000 00597nam a2200181Ia 4500
003 GCL
008 140319s9999 xx 000 0 ara d
040 _aGCL /
_cGCL
082 0 4 _a811.01
_bح د
100 1 _aحامد طاهر
245 1 0 _aديوان النباحى: دراسة وتحقيق الديوان متخيل من الشعر العربى القديم /
_cحامد طاهر
300 _a97 ص
490 _a
650 0 4 _aالشعر العربى
650 0 4 _aالبناحى
650 0 4 _aالشعر العربى - تاريخ ونقد - العصر الجاهلى
942 _2ddc
_cBK
999 _c38785
_d38785